| 000 | 00880nam a2200253 a 4500 | ||
|---|---|---|---|
| 005 | 20200104041528.0 | ||
| 008 | 140121b2000 ck ||||| |||| 00| 0 spa d | ||
| 041 | _aspa | ||
| 044 | _ack | ||
| 090 |
_aIAvH _b00159 |
||
| 100 |
_aQuiceno Mesa, María Paula _92333 |
||
| 110 |
_9204 _aInstituto de Investigación de Recursos Biológicos Alexander von Humboldt _bInstituto de Investigación de Recursos Biológicos Alexander von Humboldt |
||
| 245 |
_aBiocomercio _bestrategias para el desarrollo sostenible en Colombia |
||
| 260 |
_aBogotá _bInstituto Alexander von Humboldt _c2000 |
||
| 300 | _a433 | ||
| 650 |
_aBiocomercio _92368 |
||
| 650 |
_aDesarrollo sostenible _9278 |
||
| 650 |
_aBiodiversidad _992204 |
||
| 650 |
_aMercados verdes _92232 |
||
| 650 |
_aUso sostenible _9344 |
||
| 650 |
_aConocimiento tradicional _992244 |
||
| 662 | _aColombia | ||
| 942 |
_cCD-ROM _05 _2z |
||
| 999 |
_c2126 _d2126 |
||